| 000 | 00918nam a22002297a 4500 | ||
|---|---|---|---|
| 999 |
_c63966 _d63966 |
||
| 005 | 20251203102521.0 | ||
| 008 | s2541 th ||||| |||| 00| 0 tha d | ||
| 020 | _a9742306991 | ||
| 040 | _aNALT | ||
| 050 | _aHG3881.5.I58 ก131อ 2541 | ||
| 100 | 0 |
_aกมล กมลตระกูล _938890 |
|
| 245 | 1 | 0 | _aIMF : นักบุญหรือคนบาป [3rd] |
| 260 | 3 |
_aกรุงเทพฯ : _bประพันธ์สาส์น, _c2541 |
|
| 300 |
_a129 หน้า ; _b 21 ซม. |
||
| 650 | 0 | 4 | _aIMF |
| 650 | 0 | 4 |
_aกองทุนการเงินระหว่างประเทศ _949877 |
| 650 | 0 | 4 | _aความช่วยเหลือทางเศรษฐกิจ -- ไทย |
| 850 | _aNALT | ||
| 856 | 4 | 0 |
_uhttps://hdl.handle.net/20.500.14156/337804 _71 |
| 942 |
_cGB _2lcc _01 |
||
| 998 |
_j111 _k นางสาวพจพิณ พรมเอี่ยม |
||